000 004750000a22001810004500
020 _a0-912552-72-7
041 0 _aENG
082 0 4 _aG 266 M1146f
100 1 _aMcAlpine, Thomas H.
245 1 0 _aFacing the powers : Innovations in mission / Thomas H. McAlpine
260 _aMonrovia, CA., USA : MARC
300 _a102 Pag
001 7266
942 _cBK
999 _c37482
_d37482
336 _atexto
_btxt
_2rdacontent
337 _2rdamedia
_asin mediación
_bn
338 _2rdacarrier
_avolumen
_bnc